[Event "11th American Continental Women 2018"]
[Site "Envigado"]
[Date "2018.11.22"]
[Round "7"]
[White "Rodriguez Rueda, Paula Andrea"]
[Black "Roca Rojas, Ana Flavia"]
[Result "1/2-1/2"]
[WhiteElo "2275"]
[BlackElo "2132"]
[Annotator "TA"]
[PlyCount "129"]
[EventDate "2018.11.17"]
[EventType "swiss"]
[EventRounds "9"]
[EventCountry "COL"]
[SourceTitle "playchess.com"]
[Source "ChessBase"]
[SourceQuality "1"]

{[%evp 15,129,31,46,29,43,54,58,45,64,60,64,33,107,95,107,100,107,109,171,139,147,129,131,124,135,28,148,146,191,139,122,55,62,14,25,0,0,0,131,131,131,136,209,98,191,178,572,562,438,-37,-71,-51,0,0,-17,-72,-89,-68,52,57,60,-56,0,0,108,102,102,102,105,102,102,104,102,102,103,106,110,106,162,162,188,162,202,162,162,162,162,162,162,162,162,162,162,162,162,162,162,103,162,162,162,104,162,162,162,87,162,77,83,66,86,0,86,0,88,0]} 1. d4 c5 2. e3 e6 3. Nf3 Nf6 4. c4 Be7 5. Nc3 O-O 6. Bd3 a6 7. O-O d6 8. b3 b6 9. Bb2 {E14: Queen's Indian: Classical Variation (4 e3)} Bb7 10. d5 exd5 11. cxd5 {White is slightly better.} Nbd7 12. a4 Re8 13. e4 Nf8 (13... Ng4 $14) 14. Nd2 $16 Ng6 15. Nc4 Nd7 16. f4 Bf8 $146 (16... Qb8 $16 {was worth a try.}) ({Predecessor:} 16... Qc7 17. e5 Bf8 {1-0 (33) Prusikin,M (2460)-Pfretzschner,R (2295) Heringsdorf 2000}) 17. Qd2 Rb8 18. Qf2 Nf6 19. Qc2 Bc8 20. e5 (20. Ne3 $16) 20... Ng4 (20... dxe5 $11 21. Bxg6 hxg6) 21. h3 (21. Nxd6 Bxd6 22. exd6 Ne3 $15) 21... Nh6 22. Rae1 (22. e6 $18) 22... dxe5 23. fxe5 (23. Nxe5 $16 {aiming for Nc6.} Bb7 24. Bc4 (24. Bxg6 fxg6 25. Nc6 Bxc6 $11)) 23... b5 $1 $14 {[%cal Rb5c4]} 24. axb5 axb5 25. Nxb5 Rxb5 26. Nd6 Rb6 (26... Bxd6 $11 {remains equal.} 27. Bxb5 Rxe5) 27. Nxe8 $16 Qxe8 28. Bc4 {Strongly threatening e6.} Kh8 (28... Ba6 $16) 29. Kh1 (29. Qd2 $18) 29... Bb7 (29... Be7 $16) 30. Qd2 $18 {[%mdl 1024] White has strong compensation.} Qc8 $2 (30... Nh4 31. e6 N4f5) 31. e6 {Black must now prevent Qxh6.} f6 {[#]} 32. Qa5 $2 (32. Rxf6 $1 $18 {[%mdl 512]} gxf6 33. Bxf6+ Bg7 34. Bxg7+ Kxg7 35. e7) 32... Rd6 $1 $15 33. Rd1 Be7 (33... Ng8 $15) 34. Ba3 Rd8 $1 35. Rd2 (35. Rf2 $11) 35... Bd6 36. Bb5 {next Bxc5 is good for White.} Ne5 (36... Bc7 $15 37. Qa7 Rxd5) 37. Qb6 $1 $36 {[%mdl 2048] White has some pressure.} Ng8 38. Bd7 (38. Rfd1 $1 $14) 38... Nxd7 (38... Qb8 $1 $15) 39. Qxd6 $11 Ne5 (39... Nf8 $1 $11 {keeps the balance.} 40. Qxc5 Qxc5 41. Bxc5 Nxe6 {[%mdl 64] Pin}) 40. Qxc5 $16 Qxc5 41. Bxc5 Rxd5 42. Rxd5 Bxd5 43. e7 Nxe7 44. Bxe7 Bxb3 {[%mdl 4096] Endgame KRB-KBN} 45. Rb1 Bg8 46. Rb7 Nf7 (46... Be6 $16 47. Rb8+ Bg8) 47. Bf8 $18 h6 48. Kh2 Kh7 49. Kg3 Kg6 50. Kf4 h5 51. Ke3 Kh7 52. h4 Kg6 53. g3 Kh7 54. Re7 Kg6 55. Kd4 Kh7 {[#]} 56. Kc5 (56. Ke4 $1 $18) 56... Kg6 (56... g5 $16 57. Rb7 Kg6) 57. Kb6 Kh7 58. Ra7 ({White should try} 58. Ka7 $18) 58... Kg6 (58... g5 $16 59. hxg5 fxg5) 59. Rd7 Kh7 60. Re7 ({White should play} 60. Rc7 $18) 60... Kg6 (60... g5 $16 61. hxg5 fxg5) 61. Kc7 (61. Kc5 $18) 61... Kh7 $16 62. Kd7 Kg6 63. Kc7 Kh7 $1 64. Kd7 Kg6 65. Kc7 {Accuracy: White = 43%, Black = 48%.} ({Better is} 65. Kc6 $16) 1/2-1/2

[Event "11th American Continental Women 2018"]
[Site "Envigado"]
[Date "2018.11.22"]
[Round "7"]
[White "Perez Rodriguez, Jennifer"]
[Black "Fernandez, Maria Florencia"]
[Result "1/2-1/2"]
[WhiteElo "2203"]
[BlackElo "2198"]
[Annotator "TA"]
[PlyCount "82"]
[EventDate "2018.11.17"]
[EventType "swiss"]
[EventRounds "9"]
[EventCountry "COL"]
[SourceTitle "playchess.com"]
[Source "ChessBase"]
[SourceQuality "1"]

{[%evp 9,82,22,18,12,0,20,26,-23,-26,-16,-22,-27,-21,-33,-41,-69,-50,-66,-30,-37,-21,-21,-35,-37,-20,-38,-39,-27,-7,-29,-6,-6,-6,-61,-31,-29,-2,-43,-29,-27,-23,-15,5,0,0,0,-2,-1,0,0,12,10,6,6,8,13,13,0,0,0,0,0,8,0,0,0,0,0,0,0,0,0,0,0,0]} 1. e4 e6 2. d4 d5 3. Bd3 c5 4. exd5 exd5 5. Nf3 Nc6 (5... Nf6 6. O-O c4 7. Re1+ Be7 8. Be2 O-O 9. b3 cxb3 10. axb3 Nc6 11. c3 Re8 12. Nbd2 Bd6 13. Bd3 Bg4 14. Rxe8+ Qxe8 {0-1 (52) Fontaine,R (2563)-Carlsen,M (2834) chess.com INT 2018}) 6. Qe2+ {C01: French: Exchange Variation} Be7 {[#] And now ...c4 would win.} 7. dxc5 Nf6 8. c3 {White has an edge.} O-O 9. O-O Bxc5 10. Bg5 h6 11. Bh4 g5 12. Bg3 Re8 13. Qc2 Ne4 14. b4 $146 ({Predecessor:} 14. Nbd2 f5 15. Nb3 Bb6 16. Nfd4 f4 {0-1 (33) Al Tamimi,H (2214)-Neelotpal,D (2437) Caleta 2015}) 14... Nxg3 15. hxg3 Bb6 16. b5 Ne5 17. Nxe5 Rxe5 18. Nd2 Bg4 19. Nf3 Bxf3 20. gxf3 Rc8 21. Qb3 (21. Rac1 $11) 21... Qf6 22. Kg2 Kg7 (22... h5 $5 {[%cal Rh5h4]} 23. Rac1 Kg7 $15) 23. Rac1 h5 24. Rh1 Rh8 {Threatens to win with ...h4.} 25. Qb4 Qe7 {The position is equal.} (25... Re6 {is interesting.} 26. a4 Ree8 27. f4 Rc8 28. Rc2 gxf4 29. Qxf4 Qxf4 30. gxf4 Kf6) 26. Qxe7 Rxe7 27. c4 dxc4 28. Bxc4 Rd7 29. Rcd1 Rc7 30. Bb3 Re7 31. Rd5 f6 32. Bc4 h4 33. gxh4 gxh4 34. Bd3 Kf8 35. f4 Rg7+ 36. Kf3 h3 {White must now prevent ...h2.} 37. Rh2 $1 Rh4 38. Bf5 Rg2 39. Rxg2 hxg2 40. Kxg2 Rxf4 41. f3 Ra4 {Accuracy: White = 61%, Black = 71%.} 1/2-1/2

[Event "11th American Continental Women 2018"]
[Site "Envigado"]
[Date "2018.11.22"]
[Round "7"]
[White "Cervantes Landeiro, Thalia"]
[Black "Ortiz Verdesoto, Anahi"]
[Result "0-1"]
[WhiteElo "2098"]
[BlackElo "2115"]
[Annotator "TA"]
[PlyCount "194"]
[EventDate "2018.11.17"]
[EventType "swiss"]
[EventRounds "9"]
[EventCountry "COL"]
[SourceTitle "playchess.com"]
[Source "ChessBase"]
[SourceQuality "1"]

{[%evp 14,194,39,20,24,0,0,-1,-8,-6,-1,0,14,8,19,20,19,20,62,64,70,65,102,91,104,68,60,69,75,68,102,95,129,88,96,0,16,-4,-16,-16,0,-29,0,-11,7,-87,-82,-82,-108,-160,-88,-156,-162,-221,-221,-212,-208,-208,-218,-264,-254,-259,-259,-340,-259,-259,-208,-237,-174,-177,-92,-112,-64,-59,-19,-55,-35,-41,-8,-17,0,-109,-9,-112,-14,-120,-112,-128,-128,-135,-135,-154,-112,-123,-112,-112,-41,-112,-112,-112,-112,-174,-112,-112,-112,-112,-112,-174,-112,-112,-112,-174,-173,-173,-173,-173,-173,-173,-173,-173,-120,-120,-120,-173,-173,-173,-120,-120,-120,-120,-120,-120,-120,-120,0,-120,-120,-120,-120,-120,-120,-120,-120,-120,-41,-120,-120,-120,-8,-120,-120,-120,0,-120,-120,-120,-120,-120,-120,-120,0,-120,-8,-8,-8,-120,-120,-12797,-12792,-9592,-6752,-29977,-29978,-29982,-29983,-29983,-29984,-29988,-29988,-29988,-29989,-29989,-29989]} 1. d4 Nf6 2. c4 e6 3. Nc3 Bb4 4. Nf3 O-O 5. Bg5 h6 6. Bh4 d6 7. e3 Nbd7 8. Be2 {LiveBook: 5 Games} b6 {E21: Nimzo-Indian: 4 Nf3} (8... e5 9. Nd2 Bxc3 10. bxc3 Qe8 11. O-O b6 12. Qc2 Bb7 13. Rae1 Qe7 14. f4 Rae8 15. Bd3 e4 16. Be2 {0-1 (35) Real de Azua,E (2448)-Mareco,S (2599) Buenos Aires 2015}) 9. O-O Bxc3 10. bxc3 g5 {The position is equal.} 11. Bg3 Ne4 12. Bd3 $146 ({Predecessor:} 12. Rc1 f5 13. Nd2 Nxd2 14. Qxd2 Bb7 15. f3 e5 16. Bd3 {0-1 (67) Zilberman,Y (2481)-Axelrod,A (2386) Haifa 2010}) 12... Ndf6 13. Nd2 Nxd2 14. Qxd2 Nh5 15. Qe2 $36 {[%mdl 2048] Black is under pressure.} Ng7 16. e4 f5 17. f4 Bd7 18. Rad1 Be8 19. Qc2 Bg6 20. c5 Qd7 21. exf5 exf5 22. a4 Qe7 23. Rfe1 Qf6 24. c6 (24. Qf2 $16) 24... Bf7 25. Qb2 Nh5 26. Rf1 g4 27. Qb5 Nxg3 (27... a6 {seems wilder.} 28. Qxf5 Qxf5 29. Bxf5 Bb3 30. Bxg4 Bxd1 31. Bxd1 Nxg3 32. hxg3 b5) 28. hxg3 a6 29. Qb4 (29. Qxf5 $11 Qxf5 30. Bxf5) 29... h5 $17 30. Qb1 Bd5 31. Bc2 (31. Kf2 $142) 31... Bxc6 (31... Kg7 $142 {Strongly threatening ...h4.} 32. Bb3 Be4) 32. Bb3+ (32. Qa2+ $142 Kg7 33. Qc4) 32... Kg7 33. Rfe1 (33. d5 $142 Bd7 34. Rfe1) 33... Be4 $19 34. Bc2 d5 35. Bxe4 dxe4 36. Qc1 h4 37. Qe3 Rh8 38. Kf2 hxg3+ 39. Qxg3 Qc6 40. d5 Qc5+ 41. Qe3 Qxe3+ (41... Qd6 $19 42. Qd4+ Kg6) 42. Rxe3 {[%mdl 4096] Endgame KRR-KRR} Rh6 43. c4 Kf7 44. Rc3 Rd8 {[#]} 45. a5 $1 {[%mdl 512]} Ke7 (45... bxa5 46. Ra1) 46. Ra1 Rb8 47. Rb3 (47. Ke3 $11) 47... Kd7 (47... Kd6 $1 $17 48. Rb2 Kc5) 48. Ra2 (48. Ke3 $11) 48... Rd6 (48... b5 $17 {...Kd6 is the strong threat.} 49. Ke3 b4) 49. c5 (49. Ra1 $11 {remains equal.}) 49... Rxd5 $17 {And now ...b5 would win.} 50. cxb6 cxb6 51. axb6 Rb5 52. Rba3 R5xb6 53. Rxa6 Rxa6 54. Rxa6 {KR-KR} Rb5 (54... Rb3 $17 55. g3 Rf3+ 56. Ke2 Rc3) 55. Rf6 (55. Kg3 $1 $15) 55... Ke7 56. Ra6 Rd5 57. Ke2 (57. g3 $17 {might work better.}) 57... Rd6 (57... Rd3 $1 $19 58. Ra7+ Ke6 59. Ra6+ Rd6) 58. Ra5 Ke6 59. Re5+ Kf6 60. Ra5 (60. g3 $17 {is a better defense.}) 60... Rb6 (60... Rd3 $1 $19 61. Ra6+ Ke7) 61. Kf2 Rb2+ 62. Kf1 (62. Kg3 $17) 62... g3 63. Ra6+ Kf7 64. Ra3 Rf2+ 65. Kg1 Rxf4 {aiming for ...Rg4.} 66. Rxg3 Kf6 (66... Rg4 $19 67. Ra3 Kf6 68. Ra6+ Kg5) 67. Ra3 Kg5 68. Rb3 (68. g3 $17 Rg4 69. Kf2) 68... Rh4 $19 69. Kf2 Rh7 ({Better is} 69... Rh8 $19 70. Rb7 Kf4 71. g3+ Kg5) 70. Rb8 $17 Rd7 71. Rg8+ Kf4 72. g3+ Ke5 73. Re8+ Kf6 {[#]} ({Black should play} 73... Kd4 $17 {Threatens to win with ...Rd5.} 74. Rg8 Rd5) 74. Rf8+ (74. g4 $1 $11 {[%mdl 512]}) 74... Rf7 75. Ra8 Rc7 76. Rf8+ Kg6 77. Rg8+ Kf7 78. Ra8 Rc3 (78... Rc2+ $17 79. Ke3 Rc3+ 80. Kf2 Rc2+ 81. Ke3 Rc3+ 82. Kf2 Rf3+ 83. Kg2 Ke6) 79. Ra6 (79. Ra4 $15) 79... Rf3+ 80. Kg2 Ke7 {[#]} (80... Rb3 $17 81. Ra4 Rb6) 81. Rb6 (81. g4 $1 $11 {[%mdl 512] keeps the balance.}) 81... Rd3 82. Kf2 Rd6 (82... Ra3 $1 $17 83. Kg2 Re3) 83. Rb8 (83. Rb5 $11 {was the only way to keep the balance.}) 83... Rd2+ 84. Ke3 Rd3+ 85. Kf2 Ke6 86. Re8+ Kd5 ({Black should try} 86... Kf7 $1 $17 {[%cal Rf7e8]} 87. Rc8 Rf3+ 88. Kg2 Ke6 89. Re8+ Kd5) 87. Rf8 (87. Rd8+ $1 $11 Kc5 88. Rc8+ Kd5 89. Rd8+ Kc4 90. Rg8) 87... Ke5 (87... Rf3+ $1 $17 88. Kg2 Kd4) 88. Re8+ $11 Kd4 {Hoping for ...Rd2+.} 89. Rf8 {[#]} (89. Rd8+ $11 Kc3 90. Ra8) 89... Rf3+ $1 $17 90. Kg2 $2 {[%mdl 8192] [#]} (90. Ke2 $17) 90... Ke3 $1 $19 91. Ra8 Rf2+ 92. Kg1 Kf3 {Black mates.} 93. Ra3+ e3 {[%cal Be4e3,Be3e2][%mdl 32]} 94. Rb3 Rd2 95. Rb5 Rd1+ 96. Kh2 e2 97. Rxf5+ Ke4 {Accuracy: White = 43%, Black = 41%.} 0-1

[Event "11th American Continental Women 2018"]
[Site "Envigado"]
[Date "2018.11.22"]
[Round "7"]
[White "Besso, Guadalupe"]
[Black "Rivera, Ingris"]
[Result "1/2-1/2"]
[WhiteElo "2069"]
[BlackElo "2188"]
[Annotator "TA"]
[PlyCount "91"]
[EventDate "2018.11.17"]
[EventType "swiss"]
[EventRounds "9"]
[EventCountry "COL"]
[SourceTitle "playchess.com"]
[Source "ChessBase"]
[SourceQuality "1"]

{[%evp 19,91,42,67,48,37,27,14,24,25,33,38,31,47,51,82,83,70,62,70,39,134,94,82,31,160,162,153,160,248,151,159,116,104,103,122,116,102,100,96,105,105,105,94,100,106,37,37,45,45,25,45,14,45,45,45,45,45,45,45,45,45,45,45,45,52,52,59,59,59,42,42,42,42,36]} 1. d4 d6 2. Nf3 Nd7 3. c4 e5 4. Nc3 g6 5. e4 Bg7 6. Be2 Ngf6 7. O-O O-O 8. Be3 h6 9. dxe5 dxe5 10. h3 {E94: King's Indian: Classical: 6 Be2 e5 7 0-0: Various Black 7th moves} (10. Qc1 Ng4 11. Bd2 h5 12. h3 Ngf6 13. Rd1 Nh7 14. b4 c6 15. c5 Qe7 16. Be3 Rd8 17. Qd2 Bf6 18. Bc4 {1-0 (42) Kosteniuk,A (2559)-Paehtz,E (2513) Batumi 2018}) 10... c6 {LiveBook: 11 Games} 11. b4 Nh5 12. Qd2 $146 ({Predecessor:} 12. g3 Re8 13. Kg2 Qc7 14. Rc1 Nf8 15. Nd2 Nf6 16. Nb3 Rd8 17. Qc2 Ne6 {0-1 (53) Basencyan,M (2170)-Zeynalov,R (2093) Poti 2014}) 12... Nf4 13. Rfd1 Qe7 14. Rab1 Re8 15. Bf1 Kh7 16. c5 Nf8 17. Qd6 N4e6 18. Qxe7 Rxe7 19. b5 f5 (19... Bd7 $14) 20. bxc6 {[#] exf5 is the strong threat.} f4 21. cxb7 (21. Bc1 $16) 21... Bxb7 ({Black should play} 21... Rxb7 $14 22. Bc1 Rxb1 23. Nxb1 Nxc5) 22. Bc1 $16 {[%cal Be3c1,Bc1a3,Ba3c5][%mdl 32]} Nxc5 23. Ba3 Nfe6 (23... Rc7 $16 24. Bxc5 Rxc5) 24. Rb5 Rc8 25. Nd5 Rd7 26. Bxc5 {[#] Hoping for Nf6+!} Bxd5 27. Ba3 Bc6 28. Rxd7 Bxd7 29. Rb7 Rc7 30. Rxc7 Nxc7 31. Bd6 Nb5 32. Bxb5 ({Much worse is} 32. Nxe5 $6 Nxd6 33. Nxd7 Nxe4 $11) (32. Bxe5 $16 g5 33. Bc4) 32... Bxb5 $14 33. Nxe5 $16 {[%mdl 4096] Endgame KBB-KBN} g5 34. h4 a6 35. a3 Bxe5 36. Bxe5 $11 {KB-KB. White is slightly better.} Bd3 37. hxg5 hxg5 38. f3 Kg6 39. Kf2 Bb5 40. Bc7 Bc4 41. g3 fxg3+ 42. Kxg3 Bb5 43. Bd8 Bc6 44. Kf2 g4 45. fxg4 Bxe4 46. g5 {Accuracy: White = 56%, Black = 49%.} 1/2-1/2

[Event "11th American Continental Women 2018"]
[Site "Envigado"]
[Date "2018.11.22"]
[Round "7"]
[White "Gonzalez Ochoa, Yoana"]
[Black "Marrero Lopez, Yaniet"]
[Result "0-1"]
[WhiteElo "2058"]
[BlackElo "2253"]
[Annotator "TA"]
[PlyCount "56"]
[EventDate "2018.11.17"]
[EventType "swiss"]
[EventRounds "9"]
[EventCountry "COL"]
[SourceTitle "playchess.com"]
[Source "ChessBase"]
[SourceQuality "1"]

{[%evp 21,56,23,22,0,0,0,0,-11,0,0,0,0,0,0,0,0,0,0,1,-9,-12,-28,-23,-15,0,-80,-72,-310,-314,-435,-432,-463,-457,-676,-452,-1558,-1565]} 1. e4 e5 2. Nf3 Nc6 3. Bb5 {[%cal Bf1b5,Bb5a4,Ba4b3][%mdl 32]} a6 4. Ba4 Nf6 5. O-O b5 6. Bb3 Bb7 7. Re1 Bc5 8. c3 O-O 9. d4 Bb6 10. Bg5 h6 11. Bh4 d6 {LiveBook: 35 Games} 12. dxe5 {C78: Ruy Lopez: Archangelsk and Möller Defences} (12. a4 g5 13. Nxg5 hxg5 14. Bxg5 exd4 15. cxd4 Nxd4 16. Bd5 Ne6 17. Bh4 c6 18. Qf3 Bd4 19. e5 Nxd5 20. Qg4+ {1-0 (29) Sutovsky,E (2620)-Bosiocic,M (2607) Austria 2016}) 12... Nxe5 13. Nxe5 dxe5 14. Nd2 {The position is equal.} Qe7 15. Qf3 $146 ({Predecessor:} 15. Qe2 Rad8 16. Nf3 Rfe8 17. h3 g5 18. Bg3 Qc5 19. Nh2 Qc6 {½-½ (33) Cacko,J (2161)-Uberos Fernandez,A (2217) ICCF email 2010}) 15... Rad8 16. Nf1 g5 17. Bg3 Rd6 18. Qf5 Nd7 19. Rad1 {aiming for Rxd6.} Kg7 20. Rxd6 cxd6 21. Ne3 Bxe3 22. Rxe3 Nf6 23. Qf3 (23. h3 $1 $11 {remains equal.}) 23... Nxe4 $17 24. Qh5 $2 (24. Rxe4 $17 f5 {[%mdl 64] Pin} 25. Bxe5+ dxe5 26. Rxe5 Qxe5 27. Qxb7+ Kg6 28. h3) 24... f5 $19 {[%cal Bf7f5,Bf5f4][%mdl 32]} 25. Bc2 Nf6 {Black is clearly winning.} 26. Qh3 f4 {[%mdl 64] [#] Double Attack, Trapped Piece} 27. Qf5 (27. Bxf4 $142 gxf4 28. Re1) 27... Qf7 (27... fxg3 $2 28. Qg6+ Kh8 29. Qxh6+ Nh7 30. Rxg3 $19) 28. Rd3 (28. Bxf4 $142 gxf4 29. Re1) 28... Bc8 {[%mdl 64] Trapped Piece. Accuracy: White = 15%, Black = 69%.} 0-1

[Event "11th American Continental Women 2018"]
[Site "Envigado"]
[Date "2018.11.23"]
[Round "8"]
[White "Llaudy Pupo, Lisandra"]
[Black "Arribas Robaina, Maritza"]
[Result "1/2-1/2"]
[WhiteElo "2302"]
[BlackElo "2257"]
[Annotator "TA"]
[PlyCount "44"]
[EventDate "2018.11.17"]
[EventType "swiss"]
[EventRounds "9"]
[EventCountry "COL"]
[SourceTitle "playchess.com"]
[Source "ChessBase"]
[SourceQuality "1"]

{[%evp 20,44,8,-6,29,19,14,12,40,-2,10,-27,11,11,0,15,15,26,21,21,36,-14,-5,0,-4,-17,-26]} 1. e4 e5 2. Nf3 Nc6 {[%cal Bb8c6,Bc6e7,Be7g6][%mdl 32]} 3. Bb5 Nf6 4. d3 Bc5 5. c3 d6 6. O-O O-O 7. h3 Ne7 {C65: Ruy Lopez: Berlin Defence (3...Nf6), unusual lines and 4 0-0 Bc5} 8. Re1 (8. d4 Bb6 9. Re1 Ng6 10. Nbd2 exd4 11. cxd4 d5 12. e5 Nh5 13. a4 c6 14. Bf1 f6 15. b4 fxe5 {½-½ (43) Fressinet,L (2649)-Kramnik,V (2779) Batumi 2018}) 8... Bb6 9. Nbd2 {[%cal Bb1d2,Bd2f1,Bf1g3][%mdl 32]} c6 10. Ba4 Ng6 11. Nf1 {LiveBook: 15 Games} Re8 12. Ng3 h6 13. d4 Bc7 {[#]} 14. c4 $146 ({Predecessor:} 14. Bc2 Be6 15. Be3 Qe7 16. Qd3 Rad8 17. Qf1 Qf8 18. b4 a6 19. a4 Kh8 20. c4 exd4 21. Nxd4 Ne5 22. Nxe6 fxe6 {1-0 (39) Shabalov,A (2567)-Schlosser,P (2501) Dresden 2018}) 14... Bd7 15. d5 cxd5 16. Bxd7 Qxd7 17. cxd5 Ba5 18. Bd2 Bxd2 19. Nxd2 Rac8 20. Qb3 Rc5 {The position is equal.} 21. Rac1 Rec8 22. Rxc5 Rxc5 {Accuracy: White = 49%, Black = 38%.} 1/2-1/2

[Event "11th American Continental Women 2018"]
[Site "Envigado"]
[Date "2018.11.23"]
[Round "8"]
[White "Marrero Lopez, Yaniet"]
[Black "Perez Rodriguez, Jennifer"]
[Result "0-1"]
[WhiteElo "2253"]
[BlackElo "2203"]
[Annotator "TA"]
[PlyCount "140"]
[EventDate "2018.11.17"]
[EventType "swiss"]
[EventRounds "9"]
[EventCountry "COL"]
[SourceTitle "playchess.com"]
[Source "ChessBase"]
[SourceQuality "1"]

{[%evp 30,140,0,-6,11,17,0,9,27,16,58,0,0,-14,31,13,9,-57,-52,-48,-58,-66,-59,-81,-70,-118,-103,-135,-111,-123,-121,-172,-172,-175,-163,-166,-148,-167,-140,-146,-140,-148,-130,-166,-118,-138,-115,-136,-82,-111,-33,-129,-125,-148,-134,-131,-115,-156,-124,-297,-281,-638,-627,-623,-598,-585,-588,-841,-836,-775,-534,-1034,-1042,-1046,-985,-1455,-1328,-5285,-5955,-29971,-29973,-29973,-29973,-29967,-29968,-29969,-29970,-29970,-29971,-29970,-29972,-29972,-29973,-29971,-1066,-4690,-29975,-29975,-29976,-29977,-29978,-29979,-29980,-29980,-29980,-29981,-29982,-29981,-29981,-29983,-29984,-29984,-12022]} 1. e4 e5 2. Nf3 Nc6 3. Bb5 a6 4. Ba4 Nf6 5. O-O Be7 6. Re1 b5 7. Bb3 d6 8. c3 O-O 9. d4 {[%cal Bd2d4,Bd4d5][%mdl 32]} Bg4 10. d5 Na5 11. Bc2 Qc8 12. h3 Bd7 13. Nbd2 c6 14. dxc6 Qxc6 15. Nf1 Rfc8 {C91: Closed Ruy Lopez: 7...d6 8 c3 0-0 9 d4} 16. Ng3 {LiveBook: 5 Games} Bd8 17. Re3 $146 {[%cal Be1e3,Be3d3,Bd3d2][%mdl 32]} ({Predecessor:} 17. Nf5 Bxf5 18. exf5 Nc4 19. a4 h6 20. Qe2 Bc7 21. b3 Nb6 22. a5 Nbd5 23. c4 {0-1 (45) Espinosa Veloz,E (2495)-Karjakin,S (2762) Baku 2015}) 17... g6 {The position is equal.} 18. Rd3 Nb7 19. Bh6 Be7 20. Qe1 (20. Nf5 $14 Bxf5 21. exf5) 20... Nc5 $11 21. Rd2 Ne6 22. Rad1 a5 23. a3 (23. Bb3 $11) 23... b4 $36 {[%mdl 2048] White is under pressure.} 24. axb4 axb4 25. cxb4 Qb6 26. Bb3 Qxb4 27. Bd5 Nxd5 28. exd5 Ng7 29. Ne4 Rc4 30. Nc3 (30. Re2 $17) 30... Nf5 $19 31. Bg5 f6 32. Be3 Kg7 33. Ra1 Rcc8 34. Rxa8 Rxa8 35. Kh2 Bd8 36. g4 Ne7 37. Ng1 Ra5 38. Qd1 Be8 (38... f5 $142 {Hoping for ...f4.} 39. f3 Bb6) 39. Nge2 Bf7 ({Black should play} 39... f5 $17 40. f3 h6) 40. Nc1 (40. Ng3 $15) 40... Qc4 {[%cal Re7d5]} 41. Nb3 Ra8 42. Nc1 Ba5 43. N1a2 Rb8 44. f3 $2 {[#]} (44. Qf3 $17) 44... Nxd5 $1 {[%mdl 512]} 45. Nxd5 $2 (45. Rxd5 Bxd5 46. b4) 45... Bxd2 (45... Qxa2 46. b4 $11) 46. Nb6 Qxa2 ({Not} 46... Bxe3 47. Nxc4 Bxc4 48. Qc2 $17) 47. Qxd2 d5 {[%cal Bd6d5,Bd5d4][%mdl 32]} 48. Bc5 g5 49. Kg3 Be6 50. h4 gxh4+ 51. Kxh4 Qb3 52. Qf2 d4 53. f4 Rxb6 54. fxe5 {[#]} Bxg4 $1 55. Kxg4 {[%mdl 4096] Endgame [#] KQR-KQB} f5+ $1 56. Kf4 (56. Qxf5 Rg6+) 56... Rg6 57. Bxd4 Qd3 {[%csl Gf5][%cal Rg6g4]} 58. e6+ Kg8 {[%csl Gf5][%cal Rd3e4]} 59. Ke5 Qe4+ 60. Kd6 Qxe6+ 61. Kc5 Qc6+ 62. Kb4 Rg4 63. Qe3 {Black mates.} Qe4 64. Qxe4 Rxe4 {KR-KB} 65. Kc3 Kf7 66. b4 Ke6 67. Bf2 Kd5 68. b5 h5 {[%cal Bh7h5,Bh5h4][%mdl 32]} 69. Kd3 h4 70. b6 Ke5 {Accuracy: White = 36%, Black = 55%.} (70... h3 $142 71. Bg3 Rb4 72. Ke3 {[#]} f4+ $1 {[%mdl 512]} 73. Bxf4 Rxf4 $1 {[%mdl 576] Remove Defender, Promotion} 74. Kxf4 h2 75. Kg3 h1=Q 76. b7 Qb1 77. Kf4 Qxb7 78. Kf3 Ke5+ 79. Kf2 Qe4 80. Kg3 Qe2 81. Kh4 Kf4 82. Kh3 Qb2 83. Kh4 Qh8#) 0-1